Not Afraid - Eminem - All Lyrics - Statistics

General Stats
  • This quiz has been taken 191 times
  • The average score is 603 of 814
Answer Stats
Answer % Correct
a
99%
I
99%
To
99%
(To
99%
to
99%
no
98%
No
98%
take
98%
afraid
97%
afraid)
97%
I'm
97%
(I'm
97%
I’m
97%
I'ma
97%
not
95%
not-
95%
the
95%
"ehh"
94%
blaow!
92%
clack
92%
click
92%
this
92%
you
92%
You
92%
you"
92%
my
91%
be
90%
be,
90%
Come
89%
(Come
89%
come
89%
do
89%
Everybody
89%
(Everybody)
89%
hand
89%
hand)
89%
what
88%
road
87%
stand
87%
stand)
87%
together
87%
together,
87%
and
86%
And
86%
ands
86%
go
86%
me
86%
me,
86%
your
86%
of
85%
so
85%
So
85%
storm
85%
who
85%
for
84%
For
84%
it,
83%
it
83%
It
83%
Just
83%
just
83%
or
83%
out
83%
out,
83%
that
83%
that,
83%
Through
83%
through
83%
weather,
83%
if
82%
ifs,
82%
down
81%
beef
80%
can
80%
know
80%
walk
80%
We’ll
80%
We'll
80%
Whatever
80%
you're
80%
alone
79%
let
79%
same
79%
been
78%
in
78%
In
78%
on
78%
on,
78%
But
77%
but
77%
buts,
77%
feel
77%
feel,
77%
fuck
77%
"fuck
77%
get
77%
up
76%
up,
76%
way
76%
can't
75%
cold
74%
like
74%
now
74%
(Now)
74%
say
74%
warm
74%
try
72%
When
72%
he
71%
it's
71%
world
71%
back
70%
back,
70%
don't
70%
'em
70%
all
69%
All
69%
from
69%
From
69%
you've
69%
before
68%
keep
67%
too
67%
was
67%
as
66%
'Cause
66%
‘Cause
66%
'cause
66%
did
66%
did,
66%
goin'
65%
off
65%
shit,
65%
these
65%
These
65%
think
65%
doin'
64%
give
64%
today
64%
is
63%
ain't
62%
stop
62%
words
62%
had
61%
how
61%
livin'
61%
lyrics
61%
damn
60%
king,
60%
king
60%
read
60%
life
59%
mayhem
59%
paper
59%
right
59%
startin'
59%
with
59%
won't
59%
I'll
58%
look
58%
promise
58%
said
58%
set
58%
balcony
57%
have
57%
lay
57%
never
57%
clean,
56%
could
56%
ground
56%
Holla
56%
I’ve
56%
last
56%
let's
56%
somethin',
56%
still
56%
tear
56%
whole
56%
Christmas,
55%
his
55%
hold
55%
without
55%
demons
54%
doubt,
54%
better
53%
causin'
53%
decision
53%
feelings
53%
game
53%
see
53%
those
53%
why
53%
wrap
53%
got
52%
he’s
52%
he's
52%
He’s
52%
tryna
52%
brand-new
51%
curse
51%
gassed
51%
them
51%
are
50%
at
50%
beans,
50%
breakin'
50%
cage
50%
dick
50%
face
50%
Feed
50%
gettin'
50%
gift
50%
sting
50%
stoppin'
50%
universe
50%
crap
49%
dirt
49%
honest,
49%
married
49%
eye,
48%
pull
48%
standin'
48%
again,
47%
enough,
47%
enough
47%
even
47%
fact,
47%
fed
47%
into
47%
lied
47%
Relapse
47%
teeth
47%
undoubtedly
47%
worse
47%
around
46%
CD
45%
figure
45%
guess
45%
subliminally
45%
time
45%
Time
45%
didn't,
44%
father
44%
finger
44%
more
44%
probably
44%
shouldn't
44%
tearin'
44%
There’s
44%
they
44%
album
43%
first,
43%
lettin'
43%
middle
43%
playin'
43%
put
43%
rhyme
43%
thinks
43%
believe
42%
fuckin'
42%
Admittedly,
41%
comes
41%
fans,
41%
him
41%
Infinite
41%
Relax,
41%
rhythm
41%
called
40%
couldn't
40%
dead,
40%
ma'fuckers
40%
make
40%
Perhaps
40%
Thought
40%
jacks
39%
jumpin'
39%
ask
38%
busy
38%
daughters
38%
drop
38%
Earth,
38%
Haters
38%
ran
38%
shittin'
38%
stars
38%
urge
38%
cut
37%
moon,
37%
shoot
37%
wringer
37%
bar
36%
bees
36%
lift
36%
liquor
36%
little
36%
strong
36%
circle
35%
mannin'
35%
raise
35%
realize
35%
gazin'
34%
salary,
34%
Whichever
34%
accents
33%
amazin',
33%
follows
33%
helped
33%
stingers
33%
black
32%
Forget
32%
hourly,
32%
Instead
32%
mapped
32%
paid
32%
raisin'
32%
shits
32%
until
32%
counter
31%
responsibilities
31%
single
31%
whether
31%
always
30%
cloud
30%
corner
30%
focus
30%
pub
30%
scissors
30%
capped
29%
club
29%
crowned,
29%
drama
28%
I’d
28%
treat
28%
quit
27%
roof
27%
bowels
26%
solemnly
26%
swear
26%
bows
25%
solely
25%
shingle
24%
exorcise
22%
handlin'
22%
lingers
22%
Okay,
22%
No matching quizzes found
Score Distribution
Percent of People with Each Score
Percentile by Number Answered
Your Score History
You have not taken this quiz